Lana Del Rey- Honeymoon (All Lyrics) - Statistics

General Stats
  • This quiz has been taken 131 times
  • The average score is 144 of 189
Answer Stats
Lyrics % Correct
you
98%
honey
97%
me
97%
honeymoon
96%
no
96%
to
96%
to-
96%
We
96%
we
96%
know
94%
it's
93%
It's
93%
love
93%
Our
93%
That
93%
that
93%
not
92%
the
92%
The
92%
both
91%
But
90%
but
90%
do
90%
do-do-do
90%
Do-do-do-do
90%
There
88%
don't
87%
fashionable
84%
your
83%
blue
80%
for
80%
too
80%
want
78%
if
75%
there's
75%
There's
75%
could
74%
in
74%
go
73%
Say
73%
da-da-da
72%
da-da-da-da-da
72%
make
72%
nobody
72%
are
71%
rules
71%
of
70%
wanna
70%
choose
67%
Boulevard
66%
'Cause
66%
blues
65%
I'm
65%
is
65%
eyes
64%
lose
64%
Lose
64%
my
64%
And
63%
Dark
62%
truly
62%
nothing
61%
history
60%
around
58%
cruise
58%
Or
58%
or
58%
surrounds
58%
found
57%
I've
57%
whatever
56%
every
55%
guns
55%
now
55%
scared
54%
between
51%
Born-
51%
violets
51%
roses
49%
wonder
49%
Everything
47%
man
46%
town
46%
violence
46%
Fire
45%
news
45%
Mr.
43%
thighs
43%
Little
39%
Even
38%
dew
36%
blaze
35%
car
35%
neither
35%
Had
34%
fought
33%
bullet
31%
Wilshire
29%
Pico
25%
used
25%
elusive
24%
No matching quizzes found
Score Distribution
Percent of People with Each Score
Percentile by Number Answered
Your Score History
You have not taken this quiz